000 00683nam a22002537a 4500
999 _c417867
_d417867
001 129970
003 UA-OsUOA
005 20200111105104.0
007 ta
008 20180402b un ||||| |||| 00| 0 ukr d
040 _aUA-OsUOA
_bukr
_cUA-OsUOA
_dUA-OsUOA
041 _aukr
080 _a821.161.2
090 _a821.161.2
_bК73
100 _aКотляревський І.
245 _aЕнеїда
260 _aК.
_bДніпро
_c1969
300 _a263 с.
591 _aЛобас П. О.
650 7 _a82 Література. Літературознавство
_2UDC
942 _cBK
_2udc
955 _a3